| 000 | 00489nam a22001697a 4500 | ||
|---|---|---|---|
| 003 | BD-ChCU | ||
| 005 | 20260208124756.0 | ||
| 008 | 260208b bg ||||| |||| 00| 0 ben d | ||
| 040 | _cBD-ChCU | ||
| 082 | _a373.19 TAS | ||
| 100 |
_aTanner , Daniel . _920176 |
||
| 245 |
_aSecondary curriculum : _btheory and development ./ _cDaniel , Tanner . |
||
| 260 |
_aNew York : _bMacmillan , _cC 1971 |
||
| 300 | _axviii , 459p | ||
| 650 | 0 |
_aEducation , Secondary . _920177 |
|
| 942 |
_2ddc _cBK _n0 |
||
| 999 |
_c111525 _d111525 |
||